Statistics for Bordering Countries with the Smallest Combined Population Density

Click here to take the quiz!

General Stats

  • This quiz has been taken 2,036 times
  • The average score is 20 of 24

Answer Stats

Country% Correct
Russia
99%
Kazakhstan
98%
Mongolia
98%
Finland
94%
Ukraine
93%
Estonia
91%
Kyrgyzstan
91%
Latvia
91%
Turkmenistan
91%
Belarus
90%
Lithuania
90%
Norway
89%
Georgia
88%
Azerbaijan
86%
North Korea
86%
Chad
81%
Poland
80%
Libya
78%
Niger
74%
Tunisia
68%
Namibia
67%
Botswana
65%
Guyana
33%
Suriname
33%

Score Distribution

Percentile by Number Answered

Percent of People with Each Score

Your Score History

You have not taken this quiz